Spider-Man: No Way Home (2021) Characters - Statistics

General Stats
  • This quiz has been taken 402 times
    212 since last reset
  • The average score is 17 of 23
Answer Stats
Actor Character % Correct
Tom Holland Peter Parker/ Spider-Man
100%
Andrew Garfield Peter Parker/ Spider-Man
100%
Tobey Maguire Peter Parker/ Spider-Man
100%
Zendaya Michelle Jones-Watson
99%
Willem Dafoe Green Goblin/ Norman Osborn
96%
Benedict Cumberbatch Doctor Strange
93%
Marisa Tomei May Parker
93%
Jaimie Foxx Electro/ Max Dillon
92%
Jacob Batalon Ned Leeds
92%
Alfred Molina Doctor Octopus/ Otto Octavius
88%
Jon Favreau Happy Hogan
87%
Tom Hardy Eddie Brock/ Venom
85%
Thomas Haden Church Sandman/ Flint Marko
84%
Benedict Wong Wong
84%
Rhys Ifans Lizard/ Curt Connors
81%
Tony Revolori Flash Thompson
73%
J.K. Simmons J. Jonah Jameson
67%
Charlie Cox Matt Murdock/ Daredevil
66%
Angourie Rice Betty Brant
48%
Hannibal Buress Coach Wilson
31%
Martin Starr Roger Harrington
31%
J.B. Smoove Julius Dell
24%
Jorge Lendeborg Jr. Jason Ionello
17%
No matching quizzes found
Score Distribution
Percent of People with Each Score
Percentile by Number Answered
Your Score History
You have not taken this quiz since the last reset